Unfolding westward in treaty and law : land documents in United States history from the Appalachians to the Pacific, 1783-1934 /

Bibliographic Details
Main Author: Hosen, Frederick E., 1938-
Format: Book
Language:English
Published: Jefferson, N.C. : McFarland, [1988]
Subjects:

MARC

Tag First Indicator Second Indicator Subfields
LEADER 00000cam a22000008a 4500
001 in00000017371
005 20151007053535.0
008 871013s1988 ncub b 00110 eng
010 |a  87029879  
020 |a 089950308X 
035 |a (OCoLC)16925602 
035 |9 AAB2004AM 
040 |a DLC  |c DLC  |d TXA  |d UtOrBLW 
043 |a n-us--- 
049 |a TXAM  |c [A11100983] 
050 0 0 |a KF4635  |b .H67 1988 
082 0 |a 342.73/0412  |a 347.302412  |2 19 
100 1 |a Hosen, Frederick E.,  |d 1938- 
245 1 0 |a Unfolding westward in treaty and law :  |b land documents in United States history from the Appalachians to the Pacific, 1783-1934 /  |c by Frederick E. Hosen. 
263 |a 8802 
264 1 |a Jefferson, N.C. :  |b McFarland,  |c [1988] 
264 4 |c ©1988 
300 |a xiv, 426 pages :  |b maps. 
336 |a text  |b txt  |2 rdacontent 
337 |a unmediated  |b n  |2 rdamedia 
338 |a volume  |b nc  |2 rdacarrier 
504 |a Bibliography: page 415. 
500 |a Includes index. 
650 0 |a Law  |z United States  |x Territories and possessions. 
651 0 |a United States  |x Constitutional law, State. 
651 0 |a United States  |x Territorial expansion. 
651 0 |a United States  |x Territories and possessions. 
999 |a MARS 
999 f f |s 84566c06-da73-3068-ad08-6ba26b349395  |i 869c520b-c95a-3aec-8baa-d49f527d8659  |t 0 
952 f f |p ric  |a Texas A&M University  |b Rellis Campus  |c Joint Library Facility  |d Remote Storage  |t 0  |e KF4635 .H67 1988  |h Library of Congress classification  |i unmediated -- volume  |m A14811100983 
998 f f |a KF4635 .H67 1988  |t 0  |l Remote Storage